000 00698nam a2200241 a 4500
008
020 _a0521624703 (pbk.)
049 _aMAIN
090 0 _aQH581.2 JAC
245 0 0 _aMolecular and Cellular biophysics./
_cMeyer B. Jackson.
260 _aNew York :
_bCambridge University,
_c2006.
300 _axiii, 512 p. :
_bill. ;
_c25 cm.
504 _aIncludes bibliographical references.
500 _aIncludes index.
650 0 _aMolecular biology.
650 2 _aCells.
650 2 _aCellular Biophysics.
907 _a.b10221943
_b28-02-07
_c04-12-06
003
005 20230123134310.0
040 _cNUST
942 _cBOOKS
_kQH581.2 JAC
999 _c163474
_d163474